Medzinárodný systém vedeckých a technických informácií členských štátov RVHP

Salvato in:
Dettagli Bibliografici
Autore principale: Kuskov, A.
Natura: Libro
Lingua:slovacco
Pubblicazione: Bratislava Slovenská technická knižnica 1979
Tags: Aggiungi Tag
Nessun Tag, puoi essere il primo ad aggiungerne!!

MARC

LEADER 00000nam a2200000 4500
001 0223343
005 20240822101704.3
041 0 |a slo 
044 |a SK 
245 1 0 |a Medzinárodný systém vedeckých a technických informácií členských štátov RVHP  |c A. Kuskov 
264 1 |a Bratislava  |b Slovenská technická knižnica  |c 1979 
300 |a 49 s. 
100 1 |a Kuskov, A.